000 004840000a22001690004500
003 MACL
005 20151217132920.0
008 151217b xxu||||| |||| 00| 0 eng d
040 _aMACL
_cMACL
041 _aEnglish
082 _a030/CAV
100 _aMarshall Cavendish Corporation
_920689
245 _aExploring Life Science
_bVol 10 Suburban Habitats Zoos and Aquariums
260 _bMarshall Cavendish Corporation
650 _aEncyclopaedia
_920690
942 _cBK
_k030/CAV
_2ddc
999 _c39943
_d39943